<?xml version="1.0" encoding="UTF-8"?>
<record
    xmlns:xsi="http://www.w3.org/2001/XMLSchema-instance"
    xsi:schemaLocation="http://www.loc.gov/MARC21/slim http://www.loc.gov/standards/marcxml/schema/MARC21slim.xsd"
    xmlns="http://www.loc.gov/MARC21/slim">

  <leader>00792nam a22001937a 4500</leader>
  <controlfield tag="008">170204s2016        cr||||| |||| 00| 0 spa d</controlfield>
  <datafield tag="082" ind1="0" ind2="4">
    <subfield code="a">709.040.62</subfield>
    <subfield code="b">Q85d</subfield>
  </datafield>
  <datafield tag="100" ind1="1" ind2=" ">
    <subfield code="a">Quir&#xF3;s, Luis Fernando.</subfield>
    <subfield code="9">1725</subfield>
  </datafield>
  <datafield tag="245" ind1="1" ind2="0">
    <subfield code="a">Dada&#xED;smo :</subfield>
    <subfield code="b">(1916-2016) /</subfield>
    <subfield code="c">Luis Fernando Quir&#xF3;s.</subfield>
  </datafield>
  <datafield tag="250" ind1=" " ind2=" ">
    <subfield code="a">1a ed.</subfield>
  </datafield>
  <datafield tag="260" ind1=" " ind2=" ">
    <subfield code="a">San Jos&#xE9;, Costa Rica :</subfield>
    <subfield code="b">Ediciones 1390,</subfield>
    <subfield code="c">2016.</subfield>
  </datafield>
  <datafield tag="300" ind1=" " ind2=" ">
    <subfield code="a">38 p.</subfield>
  </datafield>
  <datafield tag="500" ind1=" " ind2=" ">
    <subfield code="a">Esta publicaci&#xF3;n se termin&#xF3; de imprimir en el mes de abril de 2016, como parte del programa Alter Academia de Fundaci&#xF3;n Teor/&#xE9;tica. Como primera edici&#xF3;n cuenta con 30 ejemplares, producidos bajo la supervisi&#xF3;n de Adri&#xE1;n Flores Sancho.</subfield>
  </datafield>
  <datafield tag="653" ind1="1" ind2="0">
    <subfield code="a">Arte - Literatura</subfield>
  </datafield>
  <datafield tag="653" ind1="1" ind2="0">
    <subfield code="a">Dada&#xED;smo</subfield>
  </datafield>
  <datafield tag="653" ind1="1" ind2="0">
    <subfield code="a">Historia del arte</subfield>
  </datafield>
  <datafield tag="653" ind1="1" ind2="0">
    <subfield code="a">Arte contempor&#xE1;neo</subfield>
  </datafield>
  <datafield tag="653" ind1="1" ind2="0">
    <subfield code="a">Movimientos art&#xED;sticos</subfield>
  </datafield>
  <datafield tag="999" ind1=" " ind2=" ">
    <subfield code="c">1133</subfield>
    <subfield code="d">1133</subfield>
  </datafield>
  <datafield tag="952" ind1=" " ind2=" ">
    <subfield code="0">0</subfield>
    <subfield code="1">0</subfield>
    <subfield code="2">ddc</subfield>
    <subfield code="4">0</subfield>
    <subfield code="7">0</subfield>
    <subfield code="a">LV</subfield>
    <subfield code="b">LV</subfield>
    <subfield code="c">Monograf&#xED;as</subfield>
    <subfield code="d">2017-02-04</subfield>
    <subfield code="l">0</subfield>
    <subfield code="o">709.040.62 Q85d</subfield>
    <subfield code="p">004290</subfield>
    <subfield code="r">2017-02-04 00:00:00</subfield>
    <subfield code="w">2017-02-04</subfield>
    <subfield code="y">01</subfield>
  </datafield>
</record>
